000 00411nam a22001697a 4500
999 _c7544
_d7542
005 20210306163324.0
008 210306b ||||| |||| 00| 0 eng d
020 _a978-81-7381-144-9
041 _aeng
082 _a615.19
100 _aDEB, DR. A.C.
_96485
245 _aFUNDAMENTAL OF BIOCHEMISTRY
260 _aLONDON
_bNEW CENTRAL BOOKAGENCY
300 _a997,p
650 _aPHARMACY
_96486
942 _cBK